• 首页
  • 本馆介绍
  • 公告通知
  • 最新文献
  • 馆藏检索
  • 电子资源
  • 读者导购
  • 参考咨询
  • 我的图书馆
  • 登录
  • 详细信息显示
  • 放入我的书架
  • 预约/预借图书
  • 作者相关作品
  • 分类相关作品
  • 丛书相关作品
  • 出版社相关作品

书目信息

  • 表格格式
  • 工作单格式
  • 卡片格式
题名:
永恒的纪念
    
 
作者: 钟庆 编写
分册:  
出版信息: 北京   中国少年儿童出版社  1978
页数: 84页
开本: 19cm
丛书名:
单 册:
中图分类: G260.3
科图分类:
主题词: 博物馆学 , 儿童文学-革命故事--中国--现代 , 革命故事-儿童文学--中国--现代 , 博物馆事业
电子资源:
ISBN:
000 00763nam0 2200265 45
001 0178003222
005 20060804083658.56
010    @dCNY0.22
091    @aR11056.39
100    @a19950721d1978 am y0chiy0121 ea
101 0  @achi
102    @aCN@b110000
105    @af z 000fd
200 10 @a永恒的纪念@Ayong heng de ji nian@e周总理的文物@f钟庆编写@Fzhong qing bian xie
210    @a北京@c中国少年儿童出版社@d1978
215    @a84页@c照片@d19cm
517 1  @a周总理的文物@Azhou zong li de wen wu
606 0  @a博物馆学
606    @a儿童文学-革命故事@y中国@z现代
606    @a革命故事-儿童文学@y中国@z现代
606 0  @a博物馆事业
690    @aG260.3@v4
701  0 @a钟庆@Azhong qing@4编写
801  0 @aCN@bTSSF@c20060804
905    @a10447@dG260.3@e1
    
    永恒的纪念:周总理的文物/钟庆编写.-北京:中国少年儿童出版社,1978
    84页:照片;19cm
    
    
    ISBN :CNY0.22
    
●
相关链接 在E读中查询图书 在五车中查询图书 在当当中查询图书 在豆瓣中查询图书


正题名:永恒的纪念     索取号:G260.3/1         预约/预借

序号 登录号 条形码 馆藏地/架位号 状态 备注
1 0004490   000989835   第一样本阅览室/ [索取号:G260.3/1] 在馆    
2 0004492   202365644   密集书库/ [索取号:G260.3/1] 在馆    
3 0446723   204467237   密集书库/ [索取号:G260.3/1] 在馆    
4 0446761   204467610   密集书库/ [索取号:G260.3/1] 在馆    
5 0446762   204467629   密集书库/ [索取号:G260.3/1] 在馆    
唐山师范学院图书馆 欢迎您!
大连网信软件有限公司© 版权所有